[Event "Madrid-chT 1011"]
[Site "Madrid"]
[Date "2011.03.20"]
[Round "14.46"]
[White "Carretero Calzon, Abel"]
[Black "San Juan Rodriguez, Miguel"]
[Result "0-1"]
[WhiteElo "2154"]
[BlackElo "2076"]
[PlyCount "41"]
[EventDate "2010.11.21"]
[EventType "team-tourn"]
[EventRounds "14"]
[EventCountry "ESP"]
[SourceTitle "EXT 2012"]
[Source "ChessBase"]
[SourceDate "2011.11.24"]
[SourceVersion "1"]
[SourceVersionDate "2011.11.24"]
[SourceQuality "1"]
[WhiteTeam "Amigos del Retiro"]
[BlackTeam "Collado Villalba"]
[WhiteTeamCountry "ESP"]
[BlackTeamCountry "ESP"]

1. e4 e5 2. Bc4 Nf6 3. Qf3 Nc6 4. Ne2 Be7 5. c3 0-0 6. h3 Na5 7. Bb5 c6 8. Ba4 d5 9. d3 dxe4 10. dxe4 Be6 11. 0-0 Qc7 12. Ng3 Rad8 13. Nf5 Bxf5 14. Qxf5 Rd3 15. f4 exf4 16. Bc2 g6 17. Qxf4 Qb6+ 18. Qf2 Bc5 19. Bxd3 Bxf2+ 20. Rxf2 Rd8 21. Be2 0-1

[Event "Madrid-chT 1011"]
[Site "Madrid"]
[Date "2011.03.13"]
[Round "13.36"]
[White "San Juan Rodriguez, Miguel"]
[Black "Munoz Sanchez, Daniel"]
[Result "1-0"]
[WhiteElo "2076"]
[BlackElo "1976"]
[PlyCount "75"]
[EventDate "2010.11.21"]
[EventType "team-tourn"]
[EventRounds "14"]
[EventCountry "ESP"]
[SourceTitle "EXT 2012"]
[Source "ChessBase"]
[SourceDate "2011.11.24"]
[SourceVersion "1"]
[SourceVersionDate "2011.11.24"]
[SourceQuality "1"]
[WhiteTeam "Collado Villalba"]
[BlackTeam "Vallecas CDV"]
[WhiteTeamCountry "ESP"]
[BlackTeamCountry "ESP"]

1. e4 e6 2. d4 d5 3. Nc3 Nf6 4. e5 Nfd7 5. Nce2 c5 6. c3 Nc6 7. f4 g6 8. Nf3 Bg7 9. h4 cxd4 10. cxd4 Qe7 11. Nc3 a6 12. h5 b5 13. Bd2 Nb6 14. Rc1 Bd7 15. Bxb5 axb5 16. h6 Bf8 17. f5 exf5 18. Nxb5 f6 19. 0-0 Kf7 20. exf6 Qd8 21. Qe1 Qxf6 22. Bg5 Qe6 23. Qg3 Kg8 24. Rce1 Qf7 25. Bf4 Be7 26. Nd6 Qf8 27. Ne5 Nxe5 28. Bxe5 Bf6 29. Nxf5 Bxf5 30. Rxf5 Nd7 31. Bxf6 Nxf6 32. Re6 Qb4 33. Rfxf6 Qxd4+ 34. Kh2 Qxb2 35. Rxg6+ hxg6 36. Qxg6+ Kf8 37. Rf6+ Qxf6 38. Qxf6+ 1-0

[Event "Madrid-chT Honor"]
[Site "Madrid"]
[Date "2010.03.07"]
[Round "13"]
[White "Arauz Alonso, Fernando"]
[Black "San Juan Rodriguez, Miguel"]
[Result "0-1"]
[WhiteElo "2140"]
[BlackElo "2073"]
[PlyCount "94"]
[EventDate "2009.11.22"]
[EventType "team-tourn"]
[EventRounds "13"]
[EventCountry "ESP"]
[SourceTitle "EXT 2011"]
[Source "ChessBase"]
[SourceDate "2010.11.26"]
[SourceVersion "1"]
[SourceVersionDate "2010.11.26"]
[SourceQuality "1"]

1. d4 d5 2. c4 Nc6 3. Nc3 dxc4 4. Nf3 Nf6 5. d5 Na5 6. Qa4+ c6 7. b4 b5 8. Qxa5 Qxa5 9. bxa5 b4 10. dxc6 bxc3 11. e3 Ba6 12. Ne5 Nd5 13. Bxc4 Bxc4 14. Nxc4 Nb4 15. Ke2 Nxc6 16. Ba3 g6 17. Rab1 Bg7 18. Rb7 0-0 19. Bxe7 Nxe7 20. Rxe7 Rac8 21. Na3 Rfd8 22. Rxa7 Rd2+ 23. Kf3 Rxa2 24. Nb5 c2 25. Nc7 Bb2 26. Nd5 c1Q 27. Rxc1 Rxc1 28. Nb4 Ra4 29. Nd3 Rc2 30. h4 Bf6 31. h5 gxh5 32. Nf4 Rc5 33. Ra6 Bg7 34. Ra8+ Bf8 35. a6 Rca5 36. Rc8 Rxa6 37. Nxh5 R4a5 38. Nf4 Ra8 39. Rc4 Bd6 40. Nd3 Rd5 41. Rg4+ Kf8 42. Ke4 Rh5 43. Kf3 Ra3 44. Ne1 Rf5+ 45. Ke4 Rxf2 46. Nf3 Ra4+ 47. Nd4 f5+ 0-1

[Event "Madrid-chT Honor"]
[Site "Madrid"]
[Date "2010.01.17"]
[Round "6"]
[White "San Juan Rodriguez, Miguel"]
[Black "Arauz Alonso, Fernando"]
[Result "0-1"]
[WhiteElo "2073"]
[BlackElo "2140"]
[PlyCount "116"]
[EventDate "2009.11.22"]
[EventType "team-tourn"]
[EventRounds "13"]
[EventCountry "ESP"]
[SourceTitle "EXT 2011"]
[Source "ChessBase"]
[SourceDate "2010.11.26"]
[SourceVersion "1"]
[SourceVersionDate "2010.11.26"]
[SourceQuality "1"]

1. e4 c6 2. d4 d5 3. f3 dxe4 4. fxe4 e5 5. Nf3 Be6 6. c3 Nd7 7. Bd3 Bd6 8. Ng5 Ngf6 9. Nxe6 fxe6 10. Nd2 Qc7 11. Nf3 0-0 12. Bg5 exd4 13. cxd4 e5 14. 0-0 Rae8 15. Kh1 Kh8 16. Qc2 Ng4 17. h3 Ngf6 18. g4 Qa5 19. Bd2 Bb4 20. dxe5 Nxe5 21. Nxe5 Rxe5 22. Bf4 Bd6 23. Qg2 Re6 24. Bc4 Bxf4 25. Bxe6 Qe5 26. Rxf4 Qxf4 27. Rf1 Qe5 28. Bb3 Re8 29. Re1 Nxe4 30. Kg1 Qd4+ 31. Kh1 h6 32. Bc2 Nf6 33. Rxe8+ Nxe8 34. Qe2 Qd5+ 35. Be4 Qe5 36. Qd3 Nf6 37. Qd8+ Qe8 38. Qxe8+ Nxe8 39. Bg6 Nd6 40. Kg2 Kg8 41. Kf3 Kf8 42. b3 Ke7 43. Ke3 Kf6 44. Bd3 Ke5 45. Bg6 Nb5 46. a4 Nd4 47. Bf7 g5 48. a5 Ne6 49. Be8 Nf4 50. a6 bxa6 51. Bxc6 a5 52. Bd7 Nxh3 53. Kd3 Kd5 54. Bc8 Nf4+ 55. Kc3 Kc5 56. Bd7 Ng6 57. Bf5 Ne5 58. Be4 Nxg4 0-1

[Event "Madrid-chT Honor"]
[Site "Madrid"]
[Date "2009.12.13"]
[Round "3"]
[White "Cesar Benavides, Juan Antonio"]
[Black "San Juan Rodriguez, Miguel"]
[Result "1/2-1/2"]
[WhiteElo "2175"]
[BlackElo "2073"]
[PlyCount "112"]
[EventDate "2009.11.22"]
[EventType "team-tourn"]
[EventRounds "13"]
[EventCountry "ESP"]
[SourceTitle "EXT 2011"]
[Source "ChessBase"]
[SourceDate "2010.11.26"]
[SourceVersion "1"]
[SourceVersionDate "2010.11.26"]
[SourceQuality "1"]

1. d4 d5 2. c4 Nc6 3. e3 e5 4. cxd5 Qxd5 5. Nc3 Bb4 6. a3 Bxc3+ 7. bxc3 Nf6 8. c4 Qd6 9. d5 Ne7 10. a4 Nd7 11. Ba3 Nc5 12. Nf3 b6 13. Nd2 Bf5 14. Be2 Qg6 15. Bxc5 bxc5 16. 0-0 Rb8 17. Qc1 Bh3 18. Bf3 Nf5 19. Kh1 Bg4 20. Qc3 f6 21. Be4 Qh6 22. Bxf5 Bxf5 23. Nb3 0-0 24. Nxc5 Qg6 25. f3 h5 26. e4 Bc8 27. Rab1 Rxb1 28. Rxb1 h4 29. Qe3 h3 30. g4 f5 31. exf5 Bxf5 32. Rg1 Bb1 33. Nd7 Rxf3 34. Qxe5 Be4 35. Nc5 Re3+ 36. Nxe4 Rxe4 37. Qxc7 Re8 38. Qf4 Re4 39. Qb8+ Re8 40. Qb1 Qg5 41. Qd3 Re3 42. Qd4 Qe7 43. d6 Qb7+ 44. Qd5+ Qxd5+ 45. cxd5 Rd3 46. Rc1 Rxd5 47. Kg1 Rxd6 48. Rc4 Rd2 49. g5 Rg2+ 50. Kf1 Rxg5 51. Rc8+ Kh7 52. Rc3 Rg4 53. Rxh3+ Kg8 54. Ra3 a5 55. Kf2 Kf7 56. h3 Rb4 1/2-1/2

[Event "Collado Villalba op-A 26th"]
[Site "Collado Villalba"]
[Date "2009.08.24"]
[Round "4"]
[White "Jimenez Gonzalez, Marcos"]
[Black "San Juan Rodriguez, Miguel"]
[Result "0-1"]
[WhiteElo "1897"]
[BlackElo "2054"]
[PlyCount "110"]
[EventDate "2009.08.21"]
[EventType "swiss"]
[EventRounds "9"]
[EventCountry "ESP"]
[SourceTitle "CBM 132 Extra"]
[Source "ChessBase"]
[SourceDate "2009.11.03"]
[SourceVersion "1"]
[SourceVersionDate "2009.11.03"]
[SourceQuality "1"]

1. e4 e5 2. Nf3 Nf6 3. Nxe5 d6 4. Nf3 Nxe4 5. d4 d5 6. Bd3 Be7 7. 0-0 Nc6 8. c4 Nf6 9. Nc3 0-0 10. Bg5 Nb4 11. Be2 dxc4 12. Bxc4 c6 13. a3 Nbd5 14. Qc2 Be6 15. Bd3 h6 16. Bd2 Rc8 17. Na4 b6 18. b4 Qd6 19. g3 Nd7 20. Ba6 Rc7 21. Nc5 Nxc5 22. dxc5 bxc5 23. bxc5 Qxc5 24. Qd3 Rd8 25. Rfc1 Qd6 26. Ba5 Nb6 27. Qe3 Bf6 28. Rd1 Qxd1+ 29. Rxd1 Rxd1+ 30. Kg2 Rb1 31. Nd2 Bd5+ 32. Kh3 Be6+ 33. Kg2 Rb2 34. Nc4 Re7 35. Qf4 Bd5+ 36. Kh3 Nxc4 37. Bxc4 Re4 38. Qf5 Be6 39. Bxe6 Rxe6 40. Bb4 Rbe2 41. Bc5 R2e5 42. Qc2 a6 43. Be3 Rb5 44. Qd3 a5 45. Qc4 Be7 46. Qg4 Bxa3 47. Qh4 Be7 48. Qa4 Bb4 49. Qd1 Rd5 50. Qg4 Bc5 51. Bc1 Bd4 52. f4 h5 53. Qf3 g6 54. g4 hxg4+ 55. Qxg4 Bg7 0-1

[Event "Collado Villalba op-A 20th"]
[Site "Collado Villalba"]
[Date "2003.08.23"]
[Round "2"]
[White "Pogorelov, Ruslan"]
[Black "San Juan Rodriguez, Miguel"]
[Result "1-0"]
[WhiteElo "2445"]
[BlackElo "2135"]
[PlyCount "51"]
[EventDate "2003.08.22"]
[EventType "swiss"]
[EventRounds "9"]
[EventCountry "ESP"]
[SourceTitle "EXT 2004"]
[Source "ChessBase"]
[SourceDate "2003.11.25"]
[SourceVersion "1"]
[SourceVersionDate "2003.11.25"]
[SourceQuality "1"]

1. Nf3 d5 2. d4 Nf6 3. c4 e6 4. Nc3 Be7 5. Bf4 0-0 6. e3 c6 7. a3 b6 8. cxd5 exd5 9. Qc2 Bb7 10. Bd3 Nbd7 11. g4 g6 12. h4 Nxg4 13. 0-0-0 f5 14. Ng5 Bxg5 15. hxg5 c5 16. f3 Nxe3 17. Bxe3 cxd4 18. Qh2 Rf7 19. Bxd4 Qxg5+ 20. Kb1 Kf8 21. Rdg1 Qd8 22. Rxg6 hxg6 23. Qh8+ Ke7 24. Re1+ Kd6 25. Nb5+ Kc6 26. Re6# 1-0